Renan /
Wedi'i Gadw mewn:
| Prif Awdur: | |
|---|---|
| Fformat: | Llyfr |
| Iaith: | Sbaeneg |
| Cyhoeddwyd: |
Puebla, México :
José María Cajica Jr.,
1971, c1971
|
| Cyfres: | (Biblioteca Cajica de Cultura Universal ;
93) |
| Pynciau: | |
| Tagiau: |
Dim Tagiau, Byddwch y cyntaf i dagio'r cofnod hwn!
|
MARC
| LEADER | 00000nam^a2200000^a^4500 | ||
|---|---|---|---|
| 001 | 000301029 | ||
| 005 | 20250521000000.0 | ||
| 009 | 20260310112533.29 | ||
| 037 | |a Acervo ITESO - Biblioteca | ||
| 041 | |a ESP | ||
| 082 | |a 840. 94408 |b GON | ||
| 100 | |a González Arrili, Bernardo |e (autor) | ||
| 245 | 1 | 0 | |a Renan / |c B. González Arrili |
| 264 | 4 | |a Puebla, México : |b José María Cajica Jr., |c 1971, c1971 | |
| 300 | |a 438 p. | ||
| 336 | |a texto |b txt |2 rdacontenido | ||
| 337 | |a sin mediación |b n |2 rdamedio | ||
| 338 | |a volumen |b nc |2 rdasoporte | ||
| 440 | 1 | |a (Biblioteca Cajica de Cultura Universal ; |v 93) | |
| 649 | |a XX | ||
| 650 | |a Escritores Franceses | ||
| 650 | |a Historiadores Franceses | ||
| 650 | |a Literatura Francesa - |x Historia y Crítica | ||
| 650 | |a Literatura Francesa - |y Siglo XIX | ||
| 650 | |a Renan, Joseph Ernest - |x Tema Principal | ||
| 910 | |a Fondo General | ||
| 920 | |a Impresos - Libros | ||
| 930 | |a Colección General | ||
| 940 | |a Literatura | ||
| 905 | |a 101 | ||
| 901 | |a 0500186853 |b IT1 |c LIT |i DGL |u 20250521 | ||
| 902 | |a https://opac.biblio.iteso.mx/vufind/Record/000301029 | ||